New Super Mario Bros. Minigames - Statistics

General Stats
  • This quiz has been taken 16 times
  • The average score is 6 of 27
Answer Stats
Category Description Minigame % Correct
Puzzle It's easy to get lost in a crowd! Find the one who disappeared and touch him. There he is! Wanted
69%
Table Get a better hand than Luigi to win! If you're confident that your hand's the best, increase the number of coins you bet! Picture Poker
54%
Puzzle Take turns pulling petals from the flower. You can pluck up to three petals at a time. If the last petal you pull is a "loves me" petal, you get a point. If it's a "loves me not" petal, you lose a point! Loves Me…?
38%
Puzzle Pay attention to where the falling coins land. Tap the blocks to retrieve the coins. Choose wisely: if you pick the wrong block, your game will end. Coincentration
31%
Action Rub the Touch Screen to roll the snowman's head to the goal before time runs out! Rocks will slow you down, so avoid them! Snowball Slalom
31%
Table Place cards that are one point above or below the base card as fast as you can. Be the first to get rid of all your cards to win. You can place an ace on a king, and vice versa. Hurry up! Speed
31%
Puzzle Touch the Wiggler on the Touch Screen that matches the one on the top screen. Choose carefully, though; he has a terrible temper. Which Wiggler?
31%
Table Add up your cards and try to get as close to 21 as possible. The player who's closest wins! If you go over 21, you lose. Aces count as either 1 or 11. Jacks, queens, and kings are all worth 10. Luigi-Jack
23%
Table Pick two matching cards to make them disappear. Clear all the cards to win. If you make three mistakes, Luigi wins. Memory Match
23%
Puzzle Match the Touch Screen picture to the top screen. Touch a panel to turn over the surrounding panels. Harder levels will take more turns to solve. Puzzle Panel
23%
Action Whack Monty Mole whenever he pops out of a hole! WHACKITY WHACK!!! You'll lose points if you hit poor Luigi by mistake. Be careful! How many Monty Moles can you whack? Whack-a-Monty
23%
Action Blow into the Mic to send Yoshi flying skyward. Yoshi's balloons will burst if he hits a Fly Guy. If all the balloons pop, Yoshi will fall. Can you reach the goal before time runs out? Balloon Racing
15%
1 on 1 Position trampolines to catch the falling Bob-ombs and bounce them onto your opponent's screen! You lose if you miss five Bob-ombs. Bob-omb Trampoline
15%
Action Slide over the Touch Screen to guide the Bob-omb out of the way of the incoming fireballs. Watch out for Bowser's flame breath too. How long can you survive? Danger, Bob-omb! Danger!
15%
Puzzle Rub the Touch Screen where the Boos are hiding! Can you find them all before time runs out? Hide and Boo Seek
15%
Action Shoot as many Spinies as you can into the tubs within the allotted time. Lakitu Launch
15%
1 on 1 Take aim at Lakitu with your trusty slingshot, and open fire! You score points if Lakitu drops a Star in your area. Be careful not to let Stars land in your opponent's territory, though! Lakitu Launch
15%
Table Match up cards horizontally, vertically, or diagonally to remove them from the table. Clear all the cards to win! Pair-a-Gone
15%
Action It's a snowball fight! With teams! Tap the top half of the Touch Screen to hurl snowballs, and tap the bottom half to move to that spot. If you run out of snowballs, get busy and make some more! Snowball Slam
15%
Variety Draw a line on the Touch Screen to create a trampoline. You can draw up to three lines at a time. Use the trampolines to bounce Mario to safety! Trampoline Time
15%
Table Place your Bob-ombs so they surround opposing Bob-ombs. Captured Bob-ombs change color and join your team. The player with the most Bob-ombs at the end is the winner. Bob-omb Reverse
8%
Variety The parachuting Bob-ombs have targeted your precious garden! Use your slingshot to knock them out of the air. Hit Lakitu to blow them all up at once! Bob-omb Squad
8%
Variety The sky is thick with Fly Guys! Help Mario stomp on their heads by tapping on him. Tap Mario on the left, right, or center to make him bounce left, right, or straight up into the air. Bounce and Trounce
8%
1 on 1 Keep bouncing higher to avoid those spikes coming up at the bottom of the screen! P1 is Mario, and P2 is Luigi. Tap your bros to make them jump. Whoever survives longer is the winner. Jumping Sudden Death
8%
Table Everything rides on the strength of a single card. You don't know what you have, but you can see what everyone else has. Think carefully before you bet! Luigi’s Thrilling Cards
8%
Variety Guide Mario down the slides to the Star. Draw lines on the Touch Screen to create new routes for him. If Mario lands in a Piranha Plant, it's game over! Collect five Stars to move up a stage. Mario’s Slides
8%
Variety Guide black Bob-ombs to the black carpet and red Bob-ombs to the red carpet. If you bring in the wrong Bob-omb, it will explode, and that's no good! Sort or ‘Splode
8%
No matching quizzes found
Score Distribution
Percent of People with Each Score
Percentile by Number Answered
Your Score History
You have not taken this quiz